| 000 | 00948nam a2200277 a 4500 | ||
|---|---|---|---|
| 001 | 55859 | ||
| 005 | 20191004131933.0 | ||
| 008 | 140415s2010 ag r 000 0 spa d | ||
| 020 | _a9789501215298 | ||
| 040 |
_aMX-PuUPA _bspa _erda _cMx-PuUPA _dMx-PuUPA |
||
| 041 | 0 | _aspa | |
| 082 | 0 |
_a370 _bEVA |
|
| 245 | 0 | 3 |
_aLa evaluación significativa / _ccompilador Rebeca Anijovich, Alicia R. W. de Camilloni, Graciela Cappelletti, [y otros tres]. |
| 250 | _a1a edición | ||
| 264 | 1 |
_aArgentina : _bEditorial Paidós SAICF, _c2010 |
|
| 300 |
_a206 páginas ; _c22 cm. |
||
| 336 |
_atextos _2rdacontent |
||
| 337 |
_asin mediación _2rdamedia |
||
| 338 |
_avolumen _2rdacarrier |
||
| 490 | 0 |
_aVoces de la educación ; _v13519 |
|
| 650 | 4 | _aEducación | |
| 700 | 1 |
_aAnijovich, Rebeca, _ecompilador |
|
| 700 | 1 |
_aR.W. de Camilloni, Alicia, _ecompilador |
|
| 700 | 1 |
_aCappelletti, Graciela, _bcompilador |
|
| 999 |
_c55859 _d55859 |
||
| 942 |
_h370 _iEVA _cLI |
||